LEADER 04210nam 2200757 450 001 9910809414603321 005 20230807210929.0 010 $a3-11-033596-4 010 $a3-11-039540-1 024 7 $a10.1515/9783110335965 035 $a(CKB)3360000000515082 035 $a(EBL)1597596 035 $a(SSID)ssj0001552022 035 $a(PQKBManifestationID)16170631 035 $a(PQKBTitleCode)TC0001552022 035 $a(PQKBWorkID)14812667 035 $a(PQKB)10226176 035 $a(MiAaPQ)EBC1597596 035 $a(DE-B1597)213731 035 $a(OCoLC)908078923 035 $a(DE-B1597)9783110335965 035 $a(Au-PeEL)EBL1597596 035 $a(CaPaEBR)ebr11049307 035 $a(CaONFJC)MIL807736 035 $a(EXLCZ)993360000000515082 100 $a20150501h20152015 uy| 0 101 0 $aeng 135 $aur|nu---|u||u 181 $ctxt 182 $cc 183 $acr 200 00$aCurrent perspectives on pedagogy for English as a lingua franca /$fedited by Yasemin Bayyurt and Sumru Akcan 210 1$aBerlin :$cDe Gruyter Mouton,$d[2015] 210 4$dİ2015 215 $a1 online resource (272 p.) 225 1 $aDevelopments in English as a lingua franca,$x2192-8177 ;$vvolume 6 300 $aDescription based upon print version of record. 311 $a3-11-032297-8 320 $aIncludes bibliographical references and index. 327 $tFront matter --$tContents --$tCurrent perspectives on pedagogy for ELF --$tChapter 1. Adjusting pedagogically to an ELF world: An ESP perspective --$tChapter 2. Integrated practice in teaching English as an international language (IPTEIL): A classroom ELF pedagogy in Japan --$tChapter 3. A pedagogical space for ELF in the English classroom --$tChapter 4. ELF and early language learning: Multiliteracies, language policies and teacher education --$tChapter 5. Evolving a post-native, multilingual model for ELF-aware teacher education --$tChapter 6. Bringing new ELT policies and ELF to teacher training courses --$tChapter 7. Time to wake up some dogs! Shifting the culture of language in ELT --$tChapter 8. Re/considering the English language teacher education programs in Turkey from an ELF standpoint: what do the academia, pre-service and in-service teachers think? --$tChapter 9. Drawing upon Greek pre-service teachers? beliefs about ELF-related issues --$tChapter 10. Can we change the subject, please? A pedagogic perspective on EFL --$tChapter 11. Reconceptualizing norms for language testing: Assessing English language proficiency from within an ELF framework --$tChapter 12. Engaging with ELF in an entrance test for European university students --$tChapter 13. Beyond Madonna: Teaching materials as windows into pre-service teachers? understandings of ELF --$tChapter 14. English As A Lingua Franca And ELT Materials: Is The ?Plastic World? Really Melting? --$tSubject index 330 $aThe aim of this edited volume is to examine how current theories and principles underlying English as a Lingua Franca studies contribute to research on present pedagogical practices in ELF contexts. The book provides useful insights into pedagogical practices in different ELF settings and knowledge on the pedagogy-policy relationship in terms of ELF. 410 0$aDevelopments in English as a lingua franca ;$v6. 606 $aEnglish language$xVariation$zForeign countries 606 $aEnglish language$xGlobalization 606 $aEnglish language$xUsage 606 $aLingua francas 610 $aAssessment. 610 $aEnglish as a Lingua Franca (ELF). 610 $aMaterials Development. 610 $aPedagogy. 610 $aTeacher Education. 615 0$aEnglish language$xVariation 615 0$aEnglish language$xGlobalization. 615 0$aEnglish language$xUsage. 615 0$aLingua francas. 676 $a306.44/9 686 $aHE 150$qSEPA$2rvk 702 $aBayyurt$b Yasemin 702 $aAkcan$b Sumru 801 0$bMiAaPQ 801 1$bMiAaPQ 801 2$bMiAaPQ 906 $aBOOK 912 $a9910809414603321 996 $aCurrent perspectives on pedagogy for English as a lingua franca$94127182 997 $aUNINA LEADER 04345nam 22006855 450 001 9910438258103321 005 20200918230612.0 010 $a2-8178-0451-1 024 7 $a10.1007/978-2-8178-0451-4 035 $a(CKB)3710000000187175 035 $a(EBL)1782087 035 $a(OCoLC)893332309 035 $a(SSID)ssj0001295420 035 $a(PQKBManifestationID)11767950 035 $a(PQKBTitleCode)TC0001295420 035 $a(PQKBWorkID)11337105 035 $a(PQKB)10052863 035 $a(DE-He213)978-2-8178-0451-4 035 $a(MiAaPQ)EBC1782087 035 $a(PPN)179920863 035 $a(EXLCZ)993710000000187175 100 $a20140714d2013 u| 0 101 0 $aeng 135 $aur|n|---||||| 181 $ctxt 182 $cc 183 $acr 200 10$aSchuman Report on Europe $eState of the Union 2013 /$fedited by Foundation Schuman 205 $a1st ed. 2013. 210 1$aParis :$cSpringer Paris :$cImprint: Springer,$d2013. 215 $a1 online resource (247 p.) 300 $aDescription based upon print version of record. 311 $a2-8178-0450-3 327 $aThe European Union and the economic crisis: between defending national interests and progress towards integration -- Towards true European economic union -- Europe in the world: between values and interests -- Interview -- Summary of political and legal Europe -- The European Union in figures. 330 $aThe Schuman Report on the State of the Union is a work of reference which everyone now looks forward to reading every year. For decision makers and observers of European policy it is a source of original thought and ideas, underpinned by a strong requirement for quality. It is a tool for those who are looking for reliable sources in terms of European statistics and macro-economic data. Some eminent people have chosen to contribute their ideas also. In 2013, Josef Ackermann, former CEO of Deutsche Bank, Chairman of the Board of Directors of Zurich Insurance Group , offers his analysis of the banking Union, Lord Dykes, Foreign Affairs Spokesperson for the LibDems in the House of Lords, provides readers with his view of the future for the UK in the European Union and Alain Lamassoure, MEP, Chairman of the Budget Committee in the European Parliament, suggests a budgetary federation.The very best specialists help to throw light on the major trends ongoing in the economy and also in international and European politics. This book includes around 35 maps that are often unique, in explanation of the major issues the Union is facing. It also includes a summary of political Europe which analyses the 2012 electoral year (among France, Greece, The Netherlands, Romania), looks into the political and economic representation of women in Europe and draws up an overview of normative output in the Union in 2012. A unique series of commented statistics and maps covers all of the main topical issues (growth, buying power, economy, demography, immigration, energy, environment) and enables the Schuman Report 2013 to present a full view of the European Union and its policies. 606 $aEconomic policy 606 $aEuropean Economic Community literature 606 $aMacroeconomics 606 $aCommercial law 606 $aEconomic Policy$3https://scigraph.springernature.com/ontologies/product-market-codes/W34010 606 $aEuropean Integration$3https://scigraph.springernature.com/ontologies/product-market-codes/W33010 606 $aMacroeconomics/Monetary Economics//Financial Economics$3https://scigraph.springernature.com/ontologies/product-market-codes/W32000 606 $aBusiness Law$3https://scigraph.springernature.com/ontologies/product-market-codes/529000 615 0$aEconomic policy. 615 0$aEuropean Economic Community literature. 615 0$aMacroeconomics. 615 0$aCommercial law. 615 14$aEconomic Policy. 615 24$aEuropean Integration. 615 24$aMacroeconomics/Monetary Economics//Financial Economics. 615 24$aBusiness Law. 676 $a330 676 $a332 676 $a337142 676 $a338.9 702 $aSchuman$b Foundation$4edt$4http://id.loc.gov/vocabulary/relators/edt 906 $aBOOK 912 $a9910438258103321 996 $aSchuman Report on Europe$92529640 997 $aUNINA